HomeBuy schemes outlined in greater detail (Record no. 75739)
[ view plain ]
| 000 -LEADER | |
|---|---|
| fixed length control field | 01408cab a2200205 4500 |
| 001 - CONTROL NUMBER | |
| control field | ##L130626 |
| 008 - FIXED-LENGTH DATA ELEMENTS--GENERAL INFORMATION | |
| fixed length control field | 050819n2005 000 0 eng u |
| 035 ## - SYSTEM CONTROL NUMBER | |
| System control number | (Sirsi) u130626 |
| 041 0# - LANGUAGE CODE | |
| Language code of text/sound track or separate title | eng |
| 245 00 - TITLE STATEMENT | |
| Title | HomeBuy schemes outlined in greater detail |
| 260 ## - PUBLICATION, DISTRIBUTION, ETC. | |
| Date of publication, distribution, etc. | 2005 |
| 520 ## - SUMMARY, ETC. | |
| Summary, etc. | Further details regarding HomeBuy, the government flagship home ownership scheme, have been published. The scheme will help thousands of people to own their own homes and addresses acute affordability problems in the short term. By 2010 HomeBuy aims to help 100 000 households. There will be three HomeBuy products all based on the idea of equity sharing: Social HomeBuy which enables social tenants to buy a share in the property that they currently live in, New Build HomeBuy enabling people to buy a share in a newly built property and Open Market HomeBuy, which assists people in London, southeast and eastern England to buy a property on the open market with the help of an equity loan. The new schemes will be up and running from April 2006. |
| 590 ## - LOCAL NOTE (RLIN) | |
| Local note | IKA300805 |
| 650 24 - SUBJECT ADDED ENTRY--TOPICAL TERM | |
| Topical term or geographic name entry element | Affordable housing |
| 9 (RLIN) | 6215 |
| 650 24 - SUBJECT ADDED ENTRY--TOPICAL TERM | |
| Topical term or geographic name entry element | DCLG HOMEBUY |
| 651 #4 - SUBJECT ADDED ENTRY--GEOGRAPHIC NAME | |
| Geographic name | England |
| Chronological subdivision | 886- |
| 690 ## - LOCAL SUBJECT ADDED ENTRY--TOPICAL TERM (OCLC, RLIN) | |
| Topical term or geographic name as entry element | PROPERTY-RESIDENTIAL PROPERTY-DOMESTIC RESIDENTIAL PROPERTY |
| 856 40 - ELECTRONIC LOCATION AND ACCESS | |
| Uniform Resource Identifier | <a href="https://www.rics.org/Property/Residentialproperty/Domesticresidentialproperty/homebuyscheme.html">https://www.rics.org/Property/Residentialproperty/Domesticresidentialproperty/homebuyscheme.html</a> |
| Public note | View the item free of charge at www.rics.org... |
| 942 ## - ADDED ENTRY ELEMENTS (KOHA) | |
| Suppress in OPAC | 0 |
| Withdrawn status | Lost status | Source of classification or shelving scheme | Damaged status | Not for loan | Home library | Current library | Shelving location | Date acquired | Total Checkouts | Full call number | Barcode | Date last seen | Copy number | Price effective from | Koha item type |
|---|---|---|---|---|---|---|---|---|---|---|---|---|---|---|---|
| Dewey Decimal Classification | Virtual | Virtual | Online | 19/08/2005 | ONLINE PUBLICATION | 130626-2001 | 06/08/2019 | 1 | 06/08/2019 | Journal article |